[Event "Pontevedra U1600 op 1st"]
[Site "Pontevedra"]
[Date "2017.07.02"]
[Round "5.5"]
[White "Caudet Soto, Javier"]
[Black "Otero Otero, Francisco"]
[Result "0-1"]
[WhiteElo "1216"]
[BlackElo "1343"]
[PlyCount "108"]
[EventDate "2017.07.01"]
[EventType "swiss"]
[EventRounds "6"]
[EventCountry "ESP"]
[SourceTitle "EXT 2024"]
[Source "ChessBase"]
[SourceDate "2023.10.10"]
[SourceVersion "1"]
[SourceVersionDate "2023.10.10"]
[SourceQuality "1"]

1. e4 e5 2. Nf3 Nc6 3. d4 d5 4. dxe5 dxe4 5. Qxd8+ Kxd8 6. Nfd2 Bf5 7. Nc3 Bb4 8. Nc4 Nd4 9. Ne3 Nh6 10. h3 Re8 11. Bd2 Rxe5 12. 0-0-0 Bd6 13. Ncd5 Be6 14. Bc3 Nhf5 15. Bxd4 Nxe3 16. Nxe3 Ra5 17. a3 g6 18. Bc3 Rc5 19. Bb4 Rc6 20. Bxd6 cxd6 21. Rd4 f5 22. Bc4 Bxc4 23. Rxc4 d5 24. Rxc6 bxc6 25. f3 Kd7 26. fxe4 dxe4 27. Kd2 Ke6 28. Rd1 f4 29. Nc4 Kf5 30. Ke2 Kg5 31. Rf1 Rf8 32. Ne5 Rf6 33. Nd7 Rf7 34. Nc5 Re7 35. b4 h5 36. a4 Re5 37. Nd7 Rd5 38. Nb8 e3 39. Rd1 Rxd1 40. Kxd1 Kh4 41. Nxc6 Kg3 42. Nxa7 Kf2 43. b5 e2+ 44. Kc1 e1Q+ 45. Kb2 Qe5+ 46. c3 Qc5 47. Nc6 Kxg2 48. Kb3 f3 49. c4 f2 50. a5 f1Q 51. a6 Qfxc4+ 52. Kb2 Q5xb5+ 53. Nb4 Qbxb4+ 54. Ka1 Qxa6# 0-1

[Event "Pontevedra U1600 op 1st"]
[Site "Pontevedra"]
[Date "2017.07.01"]
[Round "2.3"]
[White "Caudet Soto, Javier"]
[Black "Vicente Rodriguez, Modesto"]
[Result "0-1"]
[WhiteElo "1216"]
[BlackElo "1458"]
[PlyCount "116"]
[EventDate "2017.07.01"]
[EventType "swiss"]
[EventRounds "6"]
[EventCountry "ESP"]
[SourceTitle "EXT 2024"]
[Source "ChessBase"]
[SourceDate "2023.10.10"]
[SourceVersion "1"]
[SourceVersionDate "2023.10.10"]
[SourceQuality "1"]

1. e4 d6 2. d4 g6 3. Nf3 Bg7 4. Bc4 Nf6 5. Nc3 0-0 6. 0-0 Nbd7 7. Be3 c6 8. Qd2 Ng4 9. h3 Nxe3 10. Qxe3 e5 11. dxe5 Nxe5 12. Nxe5 dxe5 13. Rad1 Qc7 14. f4 exf4 15. Qxf4 Qxf4 16. Rxf4 Be5 17. Rf3 Kg7 18. Rdf1 f6 19. b3 Bxc3 20. Rxc3 b5 21. Be2 Bb7 22. Rd1 b4 23. Rc4 a5 24. Rd7+ Rf7 25. Rxf7+ Kxf7 26. Rd4 Ke7 27. Bg4 Bc8 28. Bxc8 Rxc8 29. Kf2 Ke6 30. Ke3 c5 31. Rd1 c4 32. bxc4 Rxc4 33. Rd2 Rc3+ 34. Kd4 Ra3 35. Kc4 Rxa2 36. Rd5 Rxc2+ 37. Kb5 b3 38. Kxa5 b2 39. Rb5 Rxg2 40. Rb3 Ke5 41. Ka4 Re2 42. Rb5+ Kxe4 43. Ka3 f5 44. Rb4+ Kf3 45. Ka2 Kg2 46. Rb3 f4 47. Rb5 Kxh3 48. Rb7 g5 49. Rxh7+ Kg3 50. Rd7 g4 51. Rd1 Kg2 52. Rd4 Rf2 53. Re4 g3 54. Rd4 f3 55. Rd8 Re2 56. Rb8 f2 57. Rxb2 Rxb2+ 58. Kxb2 f1Q 0-1

[Event "Gallego-ch U10"]
[Site "Viveiro"]
[Date "2017.02.27"]
[Round "8"]
[White "Caudet Soto, Javier"]
[Black "Cereijo Suarez, Alejandro"]
[Result "1/2-1/2"]
[WhiteElo "1200"]
[BlackElo "1361"]
[PlyCount "121"]
[EventDate "2017.02.25"]
[EventType "swiss"]
[EventRounds "8"]
[EventCountry "ESP"]
[SourceTitle "EXT 2024"]
[Source "ChessBase"]
[SourceDate "2023.10.10"]
[SourceVersion "1"]
[SourceVersionDate "2023.10.10"]
[SourceQuality "1"]

1. Nf3 g6 2. g3 Bg7 3. Bg2 d6 4. 0-0 Nf6 5. d3 Nbd7 6. Nc3 0-0 7. e4 Re8 8. Be3 a6 9. Qd2 Ng4 10. h3 Nxe3 11. Qxe3 b5 12. a3 Rb8 13. Ng5 h6 14. Nf3 c5 15. Rab1 Bb7 16. Ne2 Rc8 17. c4 Nf6 18. Qd2 bxc4 19. Nc3 cxd3 20. Qxd3 Qd7 21. Rbd1 Red8 22. Rd2 Qe6 23. Re1 Qb3 24. Qe2 Qb6 25. Red1 Qc7 26. Kh2 Rb8 27. Kg1 Nd7 28. Nd5 Bxd5 29. Rxd5 Rxb2 30. Qxa6 Nf6 31. R5d2 Rxd2 32. Nxd2 Qc8 33. Qxc8 Rxc8 34. Nc4 Nd7 35. Rd2 Ne5 36. Nxe5 Bxe5 37. a4 Ra8 38. Ra2 c4 39. Bf1 Rc8 40. a5 c3 41. Bd3 Bd4 42. a6 Ba7 43. Kf1 Kf8 44. Ke2 Ke8 45. f4 Kd8 46. Kd1 Kc7 47. Kc2 Kb6 48. Ra3 h5 49. Rb3+ Ka5 50. Rb7 Bc5 51. a7 Ra8 52. Rxe7 Rxa7 53. Rxa7+ Bxa7 54. Kxc3 Kb6 55. Bc4 f6 56. Bf7 g5 57. fxg5 fxg5 58. Bxh5 Bb8 59. g4 Bc7 60. Kc4 Bd8 61. Kd3 1/2-1/2